Tatrín 1847-1997 jednota milovníkov národa a života slovenského

Bibliographic Details
Main Author: Kocák, Michal, 1934-2024 (Author)
Format: Photo
Language:Slovak
PhysicalDescription:1 plagát 84 x 60 cm
Published: Martin Matica slovenská 1997
Subjects:

MARC

LEADER 00000ckm a2200000 a 4500
001 vtls001292036
003 SK-MaSNL
005 20260301004623.0
007 kf ou
008 240409s1997 xo g 0k slo
015 |a SNBG1998/03-01721 
035 |a SNK000243731 
035 |a urn:nbn:sk:snk-km002ozn 
035 |a 4EB4BF9D-8C0E-450C-BA9D-A037C8B712C7 
035 |a urn:nbn:sk:snk-kmtfna 
040 |a SNK  |b slo  |c SNK  |e AACR2 
041 0 |a slo 
044 |a xo  |c SK 
080 |a 943.76:061.25:008:655.41"1847/1997"  |2 1981 
080 |a 061.25  |2 1981 
080 |a 008  |2 1981 
080 |a 655.41  |2 1981 
080 |a (084.5)  |2 1981 
100 1 |a Kocák, Michal,  |d 1934-2024  |4 aut  |9 106985 
245 1 0 |a Tatrín 1847-1997  |h grafika  |b jednota milovníkov národa a života slovenského  |c scenár a text: Michal Kocák ; grafická úprava: Pavol Menich 
260 |a Martin  |b Matica slovenská  |c 1997 
300 |a 1 plagát  |c 84 x 60 cm 
610 2 7 |a Tatrín (spolok)  |2 SNKKA  |9 33054 
648 7 |a 1847-1997  |2 SNKPH  |9 287717 
650 0 7 |a kultúrne spolky  |2 SNKPH  |9 29804 
650 0 7 |a vzdelávacie spolky  |2 SNKPH  |9 287718 
655 7 |a plagáty  |2 SNKPH  |9 70571 
700 1 |a Menich, Pavol,  |d 1937-1997  |4 bkd  |9 38943 
852 |a Slovenská národná knižnica 
958 |a CP 
958 |a GBN 
958 |a OND 
999 |c 542634  |d 544564 
952 |t P60, <03>, [BOOK], {603}  |a SNK  |b SNK  |y PREZ  |7 0  |o snkLPA 43170  |i snkPL 35/97  |0 0  |1 0  |4 0  |d 1997-06-25  |l 0  |r 2005-01-02 00:00:00  |w 2026-02-23 
952 |t P60, <04>, [BOOK], {604}  |a SNK  |b SNK  |y VYP  |7 0  |p 17A1162249  |o snkLPA 43170 D1  |i snkPL 36/97  |0 0  |1 0  |4 0  |d 1997-06-25  |f 1  |l 0  |r 2005-01-02 00:00:00  |w 2026-02-23